| 000 | 00896nam a2200217Ia 4500 | ||
|---|---|---|---|
| 001 | 11883 | ||
| 003 | GE_BSU | ||
| 008 | 181216s||||||||xx |||||||||||||| ||und|| | ||
| 040 | _cGE_BSU | ||
| 080 | _a615.9 | ||
| 100 | _aვაშაკიძე ვ. | ||
| 245 | _aსამრეწველო და სოფლის მეურნეობის შხამების ტოქსიკოლოგია და ჰიგიენა | ||
| 245 | _cრედ: მ. ყურაშვილი | ||
| 260 | _aთბილისი | ||
| 260 | _bმეცნიერება | ||
| 260 | _c1989 | ||
| 300 | _a183გვ.21სმ. | ||
| 300 | _eდანართი გვ.179 | ||
| 653 | _aსამრეწველო და სოფლის მეურნეობის შხამების ტოქსიკოლოგია და ჰიგიენა | ||
| 942 | _cBK | ||
| 999 |
_c45060 _d45060 |
||